000 00296 a2200121 4500
001 33020
082 _a623.043 ADA
090 _c22147
_d22147
100 _aAdamy, D.L
245 _aEW 102:A Second course in electronic warfare
260 _aBoston
_bArtech House
_c2004
300 _axv, 275 p
942 _aNUST-CAE
_k623.043 ADA
999 _c268093
_d268093